| 000 -LEADER |
| fixed length control field |
00619nam a22002177a 4500 |
| 003 - CONTROL NUMBER IDENTIFIER |
| control field |
OSt |
| 005 - DATE AND TIME OF LATEST TRANSACTION |
| control field |
20230710115339.0 |
| 008 - FIXED-LENGTH DATA ELEMENTS--GENERAL INFORMATION |
| fixed length control field |
230710b ||||| |||| 00| 0 eng d |
| 020 ## - INTERNATIONAL STANDARD BOOK NUMBER |
| International Standard Book Number |
9781444181395 |
| 040 ## - CATALOGING SOURCE |
| Transcribing agency |
KH8 |
| 082 ## - DEWEY DECIMAL CLASSIFICATION NUMBER |
| Classification number |
650 SUR |
| 100 ## - MAIN ENTRY--PERSONAL NAME |
| Personal name |
Surridge, Malcolm, |
| Relator term |
author |
| 245 ## - TITLE STATEMENT |
| Title |
Cambridge International AS and A Level Business / |
| Statement of responsibility, etc. |
Malcolm Surridge |
| 260 ## - PUBLICATION, DISTRIBUTION, ETC. |
| Place of publication, distribution, etc. |
London, |
| Name of publisher, distributor, etc. |
Hodder Education |
| Date of publication, distribution, etc. |
2014 |
| 300 ## - PHYSICAL DESCRIPTION |
| Extent |
xiii, 487 pages: |
| Other physical details |
color illustrations; |
| Accompanying material |
1 CD-ROM |
| 500 ## - GENERAL NOTE |
| General note |
Includes index |
| 505 ## - FORMATTED CONTENTS NOTE |
| Formatted contents note |
Business |
| 546 ## - LANGUAGE NOTE |
| Language note |
Text in English |
| 700 ## - ADDED ENTRY--PERSONAL NAME |
| Personal name |
Gillespie, Andrew |
| Relator term |
author |
| 942 ## - ADDED ENTRY ELEMENTS (KOHA) |
| Source of classification or shelving scheme |
|
| Koha item type |
Teaching Resources |